| 000 | 00944nam a2200193 i 4500 | ||
|---|---|---|---|
| 001 | 46613 | ||
| 003 | ES-MaACL | ||
| 005 | 20230906161422.0 | ||
| 007 | t| | ||
| 008 | 030331s1894 fr |||| | fre d | ||
| 111 | 2 |
_aCongrés International pour l'Etude des Questions Relatives au Patronage des Condamnés des Enfants Moralement Abandonnés des Vagabounds et des Alienés ( _d1894. _cAnvers) _9266 |
|
| 245 | 1 | 0 |
_aPremiere partie, documents _b: 2ª parte, discussions / _cCongrés Internacional pour l'Etude des Questions Relatives au Patronage des Condamnés des Enfants Moralement Abandonnés des Vaganbonds et des Alienes. |
| 260 |
_aAnvers : _b[s.n., _c1894] ( _fImp. Vª J. Brouvers et fils) |
||
| 300 |
_a2 v. ; _c23 cm. |
||
| 650 | 4 |
_aProtección de menores- _vCongresos y asambleas. _9147257 |
|
| 650 | 4 |
_aProtección de menores- _zBélgica. _9165575 |
|
| 852 |
_aES-MaACL _jD-148-49 _z. - Donativo Lastres |
||
| 852 |
_aES-MaACL _jD-151-52 |
||
| 999 |
_c46613 _d46613 |
||